000 00574nam a2200229Ia 4500
003 OSt
005 20220925173447.0
006 a|||||r|||| 00| 0
007 ta
008 220923b |||||||| |||| 00| 0 eng d
020 _a0395472083
037 _cGeneral Book
040 _aRTL
_cRTL
_beng
041 _2eng
_aeng
082 _aX:51, N0
100 _aSkinner S J
_9243987
245 0 _aMarketing
260 _aBoston
_bHoughton Mifflin
_c1990
300 _a118p
_ccm.
942 _hX:51, N0
_cGB
_2CC
999 _c488079
_d488079